Problémy kapitálového trhu na Slovensku a perspektívy jeho ďalšieho vývoja
Kapitálový trh ako súčasť finančného trhu. Správcovské spoločnosti. Podielové fondy - uzatvorené, otvorené. Podielové fondy podľa rizikovosti. Problémy kapitálového trhu na Slovensku - prevaha štátnych dlhopisov, nedostatočná emisia cenných papierov 2005, kríza akciového trhu. Hrozí stagnácia, ba do...
Saved in:
| Main Author: | |
|---|---|
| Format: | Book Chapter |
| Language: | Slovak |
| Subjects: | |
| Tags: |
No Tags, Be the first to tag this record!
|
MARC
| LEADER | 00000naa$a2200000$$$4500 | ||
|---|---|---|---|
| 001 | 0037746 | ||
| 005 | 20231106071704.5 | ||
| 041 | 0 | |a slo | |
| 044 | |a SK | ||
| 245 | 1 | 0 | |a Problémy kapitálového trhu na Slovensku a perspektívy jeho ďalšieho vývoja |c Jana Galajdová |
| 520 | |a Kapitálový trh ako súčasť finančného trhu. Správcovské spoločnosti. Podielové fondy - uzatvorené, otvorené. Podielové fondy podľa rizikovosti. Problémy kapitálového trhu na Slovensku - prevaha štátnych dlhopisov, nedostatočná emisia cenných papierov 2005, kríza akciového trhu. Hrozí stagnácia, ba dokonca aj zánik slovenskej burzy. | ||
| 610 | 2 | 0 | |a trh finančný |
| 610 | 2 | 0 | |a trh kapitálový |
| 610 | 2 | 0 | |a spoločnosti správcovské |
| 610 | 2 | 0 | |a fondy podielové |
| 610 | 2 | 0 | |a dlhopisy štátne |
| 610 | 2 | 0 | |a akcie |
| 610 | 2 | 0 | |a Slovensko |
| 610 | 2 | 0 | |a 2005 |
| 100 | 1 | |a Galajdová, Jana | |